Zagraniczni żużlowcy występujący w Ostrovii Ostrów - Statystyki

Ogólne statystyki
  • Ten quiz został rozwiązany 170 razy
    103 od ostatniego zresetowania
  • Średni wynik to 21 z 77
Statystyki odpowiedzi
Narodowość Lata startów Odpowiedź % Poprawnych
Australia 2022 Chris Holder
84%
Szwecja 2021-22 Olivier Berntzon
78%
Norwegia 2015 Rune Holta
72%
Dania 2022 Matias Nielsen
64%
Rosja/Ukraina 2019 Aleksandr Łoktajew
62%
Dania 2011 Kasper Nielsen
62%
Dania 2009, 2018-22 Nicolai Klindt
62%
Dania 2017 Kenneth Hansen
59%
Dania 2021 Patrick Hansen
59%
Czechy 2005, 2014 Ales Dryml
55%
Czechy 2008 Lukas Dryml
55%
Szwecja 2005-07, 2012-14 Peter Karlsson
53%
Finlandia 2014 Timo Lahti
53%
Francja 2014 David Bellego
50%
Wielka Brytania 2008-09 Chris Harris
48%
Australia 2017, 2019 Sam Masters
48%
Dania 2022 Tim Sorensen
48%
Dania 2018 Bjarne Pedersen
47%
Rosja 2018-19 Renat Gafurov
45%
Dania 2015 Mikkel Michelsen
43%
Wielka Brytania 2015 Scott Nicholls
43%
Szwecja 2022 Filip Hjelmland
41%
Szwecja 2006-07 Mikael Max
38%
Słowenia 2003-04, 2006 Matej Ferjan
34%
Dania 2017, 20 Jonas Jeppesen
33%
Wielka Brytania 1998 Mark Loram
33%
Rosja 1994,1996 Rif Saitgariejew
31%
Wielka Brytania 2017-18 Adam Ellis
29%
Włochy 1999 Armando Castagna
29%
Finlandia 2001, 2008 Joonas Kylmaekorpi
29%
Dania 2013-15 Nicklas Porsing
29%
Dania 2001 Kenneth Bjerre
26%
Norwegia 2003 Lars Gunnestad
26%
Rosja 2011-13 Władimir Borodulin
26%
WIelka Brytania 2007-09 Daniel King
22%
Szwecja 2008-09 Daniel Nermark
22%
Dania 2012 Kenni Larsen
22%
Szwecja 1992 Tony Rickardsson
22%
Dania 2002, 2007 Charlie Gjedde
21%
Szwecja 2008, 2013-14 David Ruud
21%
Rosja 2012-13 Denis Gizatullin
21%
Szwecja 2003 Peter Ljung
19%
Wielka Brytania 2006-07 Joe Screen
17%
Australia 2014 Justin Sedgmen
16%
Czechy 2007 Lubos Tomicek
16%
Dania 2006-07 Morten Risager
16%
Szwecja 2006 Ricky Kling
16%
Australia 2012 Rory Schlein
16%
Rosja 1996,1999 Siergiej Darkin
16%
Rosja 2010-11 Witalij Biełousow
16%
Szwecja 2010 Henrik Gustafsson
14%
Dania 2008-09, 2013 Mads Korneliussen
14%
Słowenia 2010 Matija Duh
14%
Australia 2010 Shane Parker
14%
Niemcy 2011-12 Tobias Kroner
14%
Rosja 2008 Igor Kononow
12%
Rosja 2012 Ilja Czałow
12%
Dania 2000-01 Hans Clausen
10%
Rosja 1997,1999, 2002 Rinat Mardanszin
10%
Wielka Brytania 2009 Simon Stead
10%
Łotwa 1993-94 Wladimir Woronkow
10%
Wielka Brytania 2008 Adam Roynon
9%
Norwegia 1990 Bjorn Ivar Fauske
9%
Węgry 1996 Csaba Hell
9%
Dania 2000 John Jorgensen
9%
Wielka Brytania 1992 Neil Evitts
9%
Szwecja 2004 Nicklas Klingberg
9%
Rosja 1999-2000 Oleg Kurguskin
9%
Czechy 2001 Robert Kral
9%
Australia 2000 Steve Johnston
9%
Łotwa 1993 Aleksandr Biznia
7%
Rosja 2011 Aleksiej Charczenko
7%
Australia 2011 Cory Gathercole
7%
Niemcy 2009 Frank Facher
7%
Czechy 1992 Jiri Stovicek
7%
Czechy 1992 Jan Schinagl
5%
Dania 2006 Henrik Moellner
3%
Nie znaleziono quizów pasujących do podanych kryteriów
Rozkład punktacji
Procent ludzi z każdym wynikiem
Percentyl według liczby udzielonych odpowiedzi
Twoja historia wyników
Nie rozwiązałeś tego quizu od ostatniego zresetowania